Undertale Song Tier List According To Me - Statistics

General Stats
  • This quiz has been taken 95 times
  • The average score is 4 of 9
Answer Stats
Hint Explanation Answer % Correct
Asgore it has about one minute of fire, but still good A
53%
Hopes and Dreams If you said A or below please leave S
51%
Long Elevator no explanation needed F
47%
Megalovania 🔥🔥🔥🔥🔥🔥 S
47%
Spear of Justice 🔥🔥🔥🔥🔥🔥 S
38%
OOO its one note F
35%
Bonetrousle not epic enough but still good B
31%
Death by Glamour gets a little off for my taste, but still 🔥🔥🔥 A
27%
Undyne dramatic, but kind of mid C
27%
No matching quizzes found
Score Distribution
Percent of People with Each Score
Percentile by Number Answered
Your Score History
You have not taken this quiz